| 000 | 00982nam a2200181 4500 | ||
|---|---|---|---|
| 005 | 20260105154249.0 | ||
| 008 | 260105b |||||||| |||| 00| 0 eng d | ||
| 020 | _a9780349105987 | ||
| 037 | _cTextual | ||
| 040 |
_aRTl _cRTL |
||
| 084 | _qRTL | ||
| 100 |
_aHobsbawm, Eric _9861947 |
||
| 245 | _aThe age of empire 1875-1914 | ||
| 260 |
_aLondon _bAbacus Books _c1994 |
||
| 300 |
_a404 p. _bIncludes bibliographical reference and index |
||
| 520 | _aIn this third volume of his four-volume history of the modern world, as it has been produced by the development and expansion of the West, Eric Hobsbawm combines vast erudition with a graceful prose style to re-create the epoch that laid the basis for the twentieth century. “Though written by a professional historian,” Hobsbawm writes of his own work, “[it] is addressed not to other academics, but to all who wish to understand the world and who believe history is important for this purpose. | ||
| 942 |
_2CC _n0 _cTEXL |
||
| 999 |
_c1466915 _d1466915 |
||